• 首页
  • 本馆介绍
  • 公告通知
  • 最新文献
  • 馆藏检索
  • 电子资源
  • 读者导购
  • 参考咨询
  • 我的图书馆
  • 登录
  • 详细信息显示
  • 放入我的书架
  • 预约/预借图书
  • 作者相关作品
  • 分类相关作品
  • 丛书相关作品
  • 出版社相关作品

书目信息

  • 表格格式
  • 工作单格式
  • 卡片格式
书名: 软器械
作者: 王素平,李兴东著.
分册号:
分册名:
出版地: 北京 :
 
出版社: 外文出版社
出版时间: 2005.
页数: 238 p. ;
开本: 20cm.
丛书名:
中图分类号:
科图分类号:
其他分类号: G852.28:H33
主题词:
电子资源:
000 00414nam 2200157 a 4500
001 E0762996636
005 20071001173149.70
008 071001s2005 00010 eng
020    @a978-7-119-03859-9.
040    @aPFT@bchi
041    @achi@hger
090    @aG852.28:H33
099    @dG852.28:H33@ex4
245    @a软器械 :@b九节鞭和绳镖 / @c王素平,李兴东著.
260    @a北京 :@b外文出版社,@c2005.
300    @a238 p. ;@c20cm.
    
    软器械 : : 九节鞭和绳镖 / / 王素平,李兴东著.-北京 : : 外文出版社, , 2005.
    238 p. ; ; 20cm.
    
    
    ISBN 978-7-119-03859-9.
    
●
相关链接 在E读中查询图书 在五车中查询图书 在当当中查询图书 在豆瓣中查询图书


正题名:软器械     索取号:G852.28:H33/x4         预约/预借

序号 登录号 条形码 馆藏地/架位号 状态 备注
1 17510   300175101   第二样本阅览室/ [索取号:G852.28:H33/x4] 在馆    
2 17511   300175110   第四借阅区/ [索取号:G852.28:H33/x4] 在馆    
3 17512   300175129   第四借阅区/ [索取号:G852.28:H33/x4] 在馆    
4 17715   300177154   第四借阅区/ [索取号:G852.28:H33/x4] 在馆    
唐山师范学院图书馆 欢迎您!
大连网信软件有限公司© 版权所有